Mis mejores páginas literarias / (Record no. 324)

000 -CABECERA
fixed length control field 00915nam a22002177a 4500
003 - IDENTIFICADOR DEL NÚMERO DE CONTROL
control field AR-CdUCM
008 - DATOS DE LONGITUD FIJA--INFORMACIÓN GENERAL
fixed length control field 190223b ||||| |||| 00| 0 spa d
040 ## - FUENTE DE LA CATALOGACIÓN
Agencia/entidad que catalogó originalmente la obra MUNICIPALIDAD PROVINCIAL DEL CUSCO
Entidad que transcribió la catalogación BIBLIOTECA MUNICIPAL DEL CUSCO
082 ## - NÚMERO DE LA CLASIFICACIÓN DECIMAL DEWEY
No. de Clasificación 868.6 /
Notacion interna G62
100 ## - ENTRADA PRINCIPAL--NOMBRE DE PERSONA
Nombre Personal Gómez de la Serna, Ramón
245 ## - MENCIÓN DE TÍTULO
Título Mis mejores páginas literarias /
260 ## - PUBLICACIÓN, DISTRIBUCIÓN, ETC.
Lugar de publicación, distribución, etc. Madrid :
Nombre de la editorial, distribuidor, etc. Gredos,
Fecha de publicación, distribución, etc. 1957.
300 ## - DESCRIPCIÓN FÍSICA
Nº de Páginas Extensión 246 páginas ;
Otros detalles físicos ilustraciones,
Dimensiones 19 cm.
440 ## - MENCIÓN DE SERIE/PUNTO DE ACCESO ADICIONAL--TÍTULO
Título Biblioteca romanica hispanica.
Número de la parte/sección de una obra VI. Antologia hispanica.
-- 10
9 (RLIN) 1321
505 ## - NOTA DE CONTENIDO CON FORMATO
Nota de contenido formateada Contenido: El rastro -- Sagrada cripta de Pombo -- Gollerías -- Trampantojos -- Lo cursi -- Nostalgias de Madrid -- Explicación de Buenos Aires -- Greguerías -- Caprichos y fantasmagorías -- Cartas a las golondrinas -- Cartas a mí mismo.
650 ## - PUNTO DE ACCESO ADICIONAL DE MATERIA--TÉRMINO DE MATERIA
Descriptor Literatura
9 (RLIN) 83
650 ## - PUNTO DE ACCESO ADICIONAL DE MATERIA--TÉRMINO DE MATERIA
Descriptor Ensayos
9 (RLIN) 375
650 ## - PUNTO DE ACCESO ADICIONAL DE MATERIA--TÉRMINO DE MATERIA
Descriptor Antologia
9 (RLIN) 142
942 ## - ELEMENTOS DE PUNTO DE ACCESO ADICIONAL (KOHA)
Fuente de clasificación
Tipo de item Libros-BMC
945 ## - PROCESAMIENTO DE INFORMACIÓN LOCAL (OCLC)
Catalogador zta
Holdings
Estado de retiro (separado) Fuente de clasificación o esquema de estanterías Estado dañado Ubicación Sala donde se ubica Nombre de la colección Fecha de adquisición o compra Costo, precio normal en soles Signatura topográfica Código de Barras Última vez visto (Koha) Tipo de ítem (Koha)
No     Sala Humanidades Sala Humanidades Book Cart 2019-02-23 10.00 868.6 / G62 SH0000000310 2019-02-23 Libros-BMC

Powered by Koha